000
002910000a22001090004500
090
_a
AS
_b
Seriadas
245
1
0
_a
Sapotacea nueva en la flora de Colombia
041
0
_a
Español
100
1
_a
García Barriga, Hernando
_9
12170
942
_c
ARTICULO
773
1
_t
Caldasia
_3
45
_h
58
_q
291-293
_d
1978
_g
12
999
_c
14579
_d
14579